| 000 | 02385cam a2200397 4500500 | ||
|---|---|---|---|
| 005 | 20260208003127.0 | ||
| 041 | _afre | ||
| 042 | _adc | ||
| 100 | 1 | 0 |
_aHobeika, Alexandre _eauthor |
| 700 | 1 | 0 |
_aVilleneuve, Gaël _eauthor |
| 245 | 0 | 0 | _aUne communication par les marges du parti ? |
| 260 | _c2017. | ||
| 500 | _a53 | ||
| 520 | _aQuels rapports les groupes Facebook proches du Front national entretiennent-ils avec le parti en tant qu’organisation ? Cet article propose de nuancer l’image d’une expression du parti qui serait clivée entre, d’un côté, des groupes de militants à la parole incontrôlable et, de l’autre, les élus et officiels du parti, à la parole lissée. Par une étude de 158 de ces groupes et de certains de leurs promoteurs, l’article montre qu’il existe une relative continuité entre la base militante, dont émerge un ensemble de petits entrepreneurs politiques que le parti ne veut pas intégrer, et des élus de niveau secondaire. | ||
| 520 | _aWhat relations do Facebook groups close to the Front National have with the party as an organization? This article nuances the image of party expression split between militant groups with uncontrollable discourses, on the one hand, and the party officials and elected representatives, with their smooth talking, on the other. Based on a study of 158 of these groups and some of their promoters, the authors of this article show that there is relative continuity between the militant grass-roots, from which emerges a set of small political entrepreneurs that the party refuses to incorporate, and elected representatives at a higher level. | ||
| 690 | _acommunication politique | ||
| 690 | _aextrême droite | ||
| 690 | _aFacebook | ||
| 690 | _aFront National | ||
| 690 | _amilitantisme | ||
| 690 | _anetnographie | ||
| 690 | _apartis politiques | ||
| 690 | _aréseaux sociaux | ||
| 690 | _asociabilités en ligne | ||
| 690 | _aFacebook | ||
| 690 | _afar right | ||
| 690 | _aFront National | ||
| 690 | _amilitancy | ||
| 690 | _anetnography | ||
| 690 | _aonline sociability | ||
| 690 | _apolitical communication | ||
| 690 | _apolitical parties | ||
| 690 | _asocial networks | ||
| 786 | 0 | _nRéseaux | 202-203 | 2 | 2017-06-28 | p. 213-240 | 0751-7971 | |
| 856 | 4 | 1 | _uhttps://shs.cairn.info/revue-reseaux-2017-2-page-213?lang=fr&redirect-ssocas=7080 |
| 999 |
_c1647216 _d1647216 |
||